000
00336 a2200157 4500
245
_a
Thérapeutique médicale
100
_a
Fabre, J.
700
_a
Balant, L.
700
_a
Perrier, C.
260
_c
1978
300
_a
XXXIX-1133 p.
035
_a
2731
999
_c
17604
_d
17604